| 000 | 01375nam a22002777a 4500 | ||
|---|---|---|---|
| 005 | 20170124103147.0 | ||
| 010 | _aA-582933 | ||
| 020 |
_c100.00 _a817004183 |
||
| 035 | _aA-582933 | ||
| 037 | _bCen Lib/Ret | ||
| 040 |
_aDPL _bHN |
||
| 082 |
_a306 _bमुकर्जी |
||
| 100 |
_aमुकर्जी, रवीन्द्रनाथ _942819 |
||
| 245 |
_aसामाजिक मानवशास्त्र की रूपरेखा / _cरवीन्द्रनाथ मुकर्जी |
||
| 246 |
_aSamajik manavshastr ki rooprekha / _bby Raveendranath Mukerjee |
||
| 250 | _aदशम संस्करण | ||
| 260 |
_aदिल्ली _bविवेक प्रकाशन _c1992 |
||
| 270 |
_a7-यू.ए.जवाहर नगर _bदिल्ली _e110007 |
||
| 300 |
_axi,520पृ. _c20सेमी(सजिल्द) |
||
| 500 | _aअनुक्रमाणिका शामिल | ||
| 650 |
_aसामाजिक मानवशास्त्र -- प्रकृति और क्षेत्र _986620 |
||
| 650 |
_aसामाजिक मानवशास्त्र -- पद्धतियाँ _986621 |
||
| 650 |
_aSocial anthropology - the nature and scope _986622 |
||
| 650 |
_aSocial Anthropology - Methods _986623 |
||
| 942 |
_2ddc _cHN _h306 _mमुकर्जी |
||
| 999 |
_c119737 _d119737 |
||